书目信息 |
| 题名: |
从神话道小说:哈丁古斯的萨迦
|
|
| 作者: | 杜梅齐尔 著 | |
| 分册: | ||
| 出版信息: | 北京 生活·读书·新知三联书店 1999.05 |
|
| 页数: | 152页 | |
| 开本: | 32开 | |
| 丛书名: | ||
| 单 册: | ||
| 中图分类: | I0-05 | |
| 科图分类: | ||
| 主题词: | 文学理论 | |
| 电子资源: | ||
| ISBN: | 7-108-01250-2 | |
| 000 | 00625nam0 2200193 45 | |
| 001 | 0103281005 | |
| 005 | 20010328104013.5 | |
| 010 | @a7-108-01250-2@d8.80元 | |
| 100 | @a20010328d1999 km y0chiy0120 ea | |
| 101 | 0 | @achi |
| 105 | @a z 000yy | |
| 200 | 1 | @a从神话道小说:哈丁古斯的萨迦@ACong Shen Hua Dao Xiao Shuo:Ha Ding Gu Si De Sa Jia@f(法)杜梅齐尔著;施康强译@F(Fa)Du Mei Qi Er Zhu;Shi Kang Qiang Yi |
| 210 | @a北京@c生活·读书·新知三联书店@d1999.05 | |
| 215 | @a152页@d32开 | |
| 606 | 0 | @a文学理论 |
| 690 | @aI0-05@v3 | |
| 701 | 0 | @a杜梅齐尔@4著 |
| 801 | @aCN@bPftUser@c20010328 | |
| 905 | @b333522-523@dI0-05@eD684@f2 | |
| 从神话道小说:哈丁古斯的萨迦/(法)杜梅齐尔著;施康强译.-北京:生活·读书·新知三联书店,1999.05 |
| 152页;32开 |
| ISBN 7-108-01250-2:8.80元 |
| ● |
| 相关链接 |
|
|
|
正题名:从神话道小说:哈丁古斯的萨迦
索取号:I0-05/D684
 
预约/预借
| 序号 | 登录号 | 条形码 | 馆藏地/架位号 | 状态 | 备注 |
| 1 | 333522 | 203335220 | 社科二线400B/400B社科库 9排1列3层/ [索取号:I0-05/D684] | 在馆 | |
| 2 | 333523 | 203335239 | 文学库108/108文学库 1排2列3层/ [索取号:I0-05/D684] | 在馆 |